000 01265cam a2200313 4500
002 ##1920
008 090401t1996 xxu||||| |||| 00| 0 eng d
020 _a0854067981
035 _a(Sirsi) u67073
041 0 _aeng
050 0 4 _a690.241026 $2 18
090 _aRICS 1996/98ABCD
110 2 _aRoyal Institution of Chartered Surveyors
_94900
245 0 0 _aArchaeology and historic buildings
_bguidelines for mineral surveyors
260 _aLondon
_bRICS
_c1996
300 _a10p.
_c30cm.
350 _a6.50
490 0 _aRICS Minerals Practice Skills Panel Information Paper
_v6
520 _aProvides background information on relevent legislation in the area and covers UK government guidance through PPG15 and PPG16.
520 _aOUT OF DATE ARCHIVED 23 DECEMBER 2016
650 2 4 _aARCHAEOLOGICAL INSTIGATIONS CIB CODE OF PRACTICE FOR MINERAL OPERATIONS
650 2 4 _aPPG15
650 2 4 _aPPG16
651 4 _aEngland and Wales
_y1543-
690 _aBUILT ENVIRONMENT-BUILDING TYPES-HISTORIC BUILDINGS AND ANCIENT MONUMENTS
856 4 1 _uhttps://www.rics.org/Global/Downloads/Archaeology_and_historic_buildings_1st_edition_PGguidance_1996.pdf
_zView the guidance free of charge at www.rics.org/guidance...
942 _n0
948 _c04/03/1997
999 _c94968
_d94968